[Event "ITA-ch (Women)"]
[Site "Porto San Giorgio"]
[Date "2004.08.26"]
[Round "7"]
[White "Costariol, Elena"]
[Black "Tiozzo Netti, Valeria"]
[Result "0-1"]
[WhiteElo "1554"]
[BlackElo "1643"]
[PlyCount "158"]
[EventDate "2004.08.20"]
[EventType "swiss"]
[EventRounds "9"]
[EventCountry "ITA"]
[SourceTitle "EXT 2005"]
[Source "ChessBase"]
[SourceDate "2004.11.15"]
[SourceVersion "1"]
[SourceVersionDate "2004.11.15"]
[SourceQuality "1"]

1. e4 e5 2. Nf3 Nf6 3. Nxe5 d6 4. Nf3 Nxe4 5. Qe2 Qe7 6. d3 Nf6 7. Qxe7+ Bxe7 8. Be3 Bg4 9. Be2 0-0 10. h3 Bd7 11. Nbd2 Nc6 12. c3 Rfe8 13. 0-0 Nd5 14. Rae1 h6 15. a3 Bf6 16. Ne4 Be7 17. Bd2 Bf8 18. Ng3 Re7 19. d4 Rae8 20. Bc4 Nb6 21. Rxe7 Rxe7 22. Bd3 g6 23. b3 Na5 24. Rb1 d5 25. Ne5 Be8 26. Ng4 h5 27. Ne3 Rd7 28. Bc2 f5 29. Ne2 Kg7 30. c4 Nc6 31. c5 Nc8 32. b4 N6e7 33. h4 Kf7 34. Nd1 Bg7 35. Be3 c6 36. Nf4 Ng8 37. Nh3 Nf6 38. Ng5+ Ke7 39. f3 Kf8 40. Nf2 Re7 41. Re1 Nd7 42. Nfh3 Bxd4 43. Kf2 Bxe3+ 44. Rxe3 Rxe3 45. Kxe3 Ke7 46. Kd4 Nf8 47. Ke5 b6 48. Nf4 Bd7 49. Bd1 bxc5 50. bxc5 a5 51. Be2 Na7 52. Ngh3 Be8 53. g4 fxg4 54. fxg4 hxg4 55. Bxg4 Nb5 56. a4 Nc3 57. h5 gxh5 58. Bxh5 Bxh5 59. Nxh5 Nxa4 60. Kd4 Nd7 61. N5f4 Naxc5 62. Nf2 Ne6+ 63. Nxe6 Kxe6 64. Nd3 Kd6 65. Nc1 c5+ 66. Kc3 Nb6 67. Nb3 d4+ 68. Kc2 a4 69. Nc1 c4 70. Kb2 Kc5 71. Kc2 d3+ 72. Nxd3+ cxd3+ 73. Kxd3 Kb4 74. Kc2 Nd5 75. Kb2 Ne3 76. Ka2 a3 77. Ka1 Kb3 78. Kb1 a2+ 79. Kc1 a1Q+ 0-1

[Event "ITA-ch (Women)"]
[Site "Porto San Giorgio"]
[Date "2004.08.24"]
[Round "5"]
[White "Sautto, Alessandra"]
[Black "Tiozzo Netti, Valeria"]
[Result "1-0"]
[WhiteElo "1978"]
[BlackElo "1643"]
[PlyCount "35"]
[EventDate "2004.08.20"]
[EventType "swiss"]
[EventRounds "9"]
[EventCountry "ITA"]
[SourceTitle "EXT 2005"]
[Source "ChessBase"]
[SourceDate "2004.11.15"]
[SourceVersion "1"]
[SourceVersionDate "2004.11.15"]
[SourceQuality "1"]

1. d4 d5 2. Nf3 Nf6 3. Bf4 g6 4. e3 Bg7 5. Bd3 Nbd7 6. Nbd2 c5 7. c3 0-0 8. h3 Re8 9. 0-0 cxd4 10. exd4 b6 11. Qe2 Bb7 12. Bh2 Nb8 13. Ne5 Nfd7 14. Ndf3 Nc6 15. Nxf7 Qc8 16. Qe6 Nf6 17. Nh6+ Kh8 18. Qg8+ 1-0

[Event "ITA-ch (Women)"]
[Site "Porto San Giorgio"]
[Date "2004.08.21"]
[Round "2"]
[White "Rombaldoni, Sharon"]
[Black "Tiozzo Netti, Valeria"]
[Result "0-1"]
[WhiteElo "1440"]
[BlackElo "1643"]
[PlyCount "106"]
[EventDate "2004.08.20"]
[EventType "swiss"]
[EventRounds "9"]
[EventCountry "ITA"]
[SourceTitle "EXT 2005"]
[Source "ChessBase"]
[SourceDate "2004.11.15"]
[SourceVersion "1"]
[SourceVersionDate "2004.11.15"]
[SourceQuality "1"]

1. e4 e5 2. Nf3 Nf6 3. Nc3 Bb4 4. Nxe5 0-0 5. Bd3 Re8 6. Ng4 Nxe4 7. Bxe4 Bxc3 8. dxc3 Rxe4+ 9. Ne3 d6 10. 0-0 Nc6 11. Re1 Bd7 12. f3 Re7 13. Nd5 Rxe1+ 14. Qxe1 Ne5 15. Bf4 c6 16. Bxe5 dxe5 17. Nb4 Qe7 18. Nd3 f6 19. b4 Bf5 20. Nc5 Bxc2 21. Rc1 Bg6 22. Rd1 Be8 23. Qd2 b6 24. Ne4 Kf8 25. Nd6 Rd8 26. c4 Bf7 27. c5 Bd5 28. Nf5 Qc7 29. a4 bxc5 30. bxc5 a5 31. Ne3 Ke8 32. Nxd5 cxd5 33. Qc2 g6 34. Qf2 d4 35. Qh4 f5 36. Re1 d3 37. Qc4 d2 38. Qg8+ Kd7 39. Qf7+ Kc8 40. Qxc7+ Kxc7 41. Rd1 Kc6 42. Kf2 Kxc5 43. Ke2 Kb4 44. Rb1+ Kc3 45. Kd1 Rd4 46. Rb7 Rxa4 47. Rc7+ Rc4 48. Rxc4+ Kxc4 49. Kxd2 Kb3 50. Kc1 a4 51. Kb1 a3 52. Ka1 e4 53. fxe4 fxe4 0-1

[Event "ITA-ch (Women)"]
[Site "Porto San Giorgio"]
[Date "2004.08.20"]
[Round "1"]
[White "Tiozzo Netti, Valeria"]
[Black "Panella, Fiammetta"]
[Result "0-1"]
[WhiteElo "1643"]
[BlackElo "1954"]
[PlyCount "40"]
[EventDate "2004.08.20"]
[EventType "swiss"]
[EventRounds "9"]
[EventCountry "ITA"]
[SourceTitle "EXT 2005"]
[Source "ChessBase"]
[SourceDate "2004.11.15"]
[SourceVersion "1"]
[SourceVersionDate "2004.11.15"]
[SourceQuality "1"]

1. e4 c5 2. Nc3 e6 3. g3 g6 4. Bg2 Bg7 5. d3 Nc6 6. Be3 d6 7. Qd2 Nd4 8. Nce2 Nxe2 9. Nxe2 Bxb2 10. Rb1 Bg7 11. 0-0 Ne7 12. Bh6 0-0 13. h4 b6 14. Kh2 Bb7 15. Rh1 d5 16. f3 f5 17. Bxg7 Kxg7 18. e5 d4 19. h5 Nd5 20. hxg6 hxg6 0-1

[Event "ITA-ch (Women) 30th"]
[Site "Bratto"]
[Date "2003.08.29"]
[Round "9"]
[White "Tiozzo Netti, Valeria"]
[Black "Cassinera, Chiara"]
[Result "1-0"]
[WhiteElo "1600"]
[BlackElo "1528"]
[PlyCount "77"]
[EventDate "2003.08.21"]
[EventType "swiss"]
[EventRounds "9"]
[EventCountry "ITA"]
[SourceTitle "EXT 2007"]
[Source "ChessBase"]
[SourceDate "2006.11.23"]
[SourceVersion "1"]
[SourceVersionDate "2006.11.23"]
[SourceQuality "1"]

1. e4 c5 2. Nc3 d6 3. g3 Nc6 4. Bg2 g6 5. d3 Bg7 6. Be3 Nf6 7. Qd2 0-0 8. Nge2 Qa5 9. h3 Nd7 10. 0-0 b5 11. Bh6 b4 12. Nd1 Rb8 13. Bxg7 Kxg7 14. Ne3 Nf6 15. f4 Qc7 16. Rf2 Bd7 17. Raf1 Qc8 18. Kh2 h5 19. f5 g5 20. Nd5 Nh7 21. f6+ exf6 22. Nxf6 Qd8 23. Nxh7 Kxh7 24. Rf6 Rg8 25. Rxf7+ Rg7 26. Rxg7+ Kxg7 27. Ng1 Nd4 28. Nf3 Nxf3+ 29. Bxf3 g4 30. hxg4 hxg4 31. Be2 Qh8+ 32. Kg1 Qh5 33. Qf4 Qh3 34. Qxd6 Rd8 35. Qe7+ Kg8 36. Qxd8+ Kg7 37. Qh4 Qxh4 38. gxh4 Kh6 39. Kg2 1-0

[Event "ITA-ch (Women) 30th"]
[Site "Bratto"]
[Date "2003.08.26"]
[Round "6"]
[White "Reginato, Sabrina"]
[Black "Tiozzo Netti, Valeria"]
[Result "0-1"]
[WhiteElo "1395"]
[BlackElo "1600"]
[PlyCount "70"]
[EventDate "2003.08.21"]
[EventType "swiss"]
[EventRounds "9"]
[EventCountry "ITA"]
[SourceTitle "EXT 2007"]
[Source "ChessBase"]
[SourceDate "2006.11.23"]
[SourceVersion "1"]
[SourceVersionDate "2006.11.23"]
[SourceQuality "1"]

1. e4 e5 2. Nf3 Nf6 3. d3 d6 4. Be2 g6 5. 0-0 Bg7 6. Nc3 Be6 7. Bg5 Nbd7 8. Re1 h6 9. Be3 Nb6 10. Qd2 Qe7 11. Rad1 0-0-0 12. Bxb6 axb6 13. h3 h5 14. Qc1 Bh6 15. Qb1 g5 16. Nh2 g4 17. hxg4 hxg4 18. g3 Rh7 19. Kg2 Rdh8 20. Rh1 d5 21. a3 dxe4 22. dxe4 Rg8 23. Bd3 c6 24. Qa1 Ne8 25. b3 Nd6 26. a4 Nxe4 27. Bxe4 f5 28. Bd3 e4 29. Nxe4 Bd5 30. Kf1 Bxe4 31. Bxe4 Qxe4 32. Rg1 Bg7 33. Qc1 Rxh2 34. Re1 Qf3 35. Qd2 Bc3 0-1

[Event "ITA-ch (Women) 30th"]
[Site "Bratto"]
[Date "2003.08.23"]
[Round "3"]
[White "Tomba, Patrizia"]
[Black "Tiozzo Netti, Valeria"]
[Result "1-0"]
[WhiteElo "1492"]
[BlackElo "1600"]
[PlyCount "91"]
[EventDate "2003.08.21"]
[EventType "swiss"]
[EventRounds "9"]
[EventCountry "ITA"]
[SourceTitle "EXT 2007"]
[Source "ChessBase"]
[SourceDate "2006.11.23"]
[SourceVersion "1"]
[SourceVersionDate "2006.11.23"]
[SourceQuality "1"]

1. e4 e5 2. Nf3 Nf6 3. Nc3 Bb4 4. d3 d5 5. exd5 Qxd5 6. Bd2 Bxc3 7. Bxc3 Bg4 8. Be2 Nc6 9. 0-0 0-0-0 10. a4 Rhe8 11. b4 e4 12. dxe4 Qxe4 13. Bd3 Bxf3 14. Bxe4 Bxd1 15. Bxc6 bxc6 16. Raxd1 Rxd1 17. Rxd1 Nd5 18. Be1 Re2 19. c3 Rc2 20. Rd3 Rc1 21. Kf1 Nb6 22. a5 Na4 23. Ke2 c5 24. Kd2 Ra1 25. Ke2 cxb4 26. cxb4 Ra2+ 27. Kf3 Ra1 28. Re3 Rd1 29. Ke2 Rd8 30. Re7 Rd7 31. Rxd7 Kxd7 32. Kd3 Nb2+ 33. Ke4 Kc6 34. Bc3 Nc4 35. Bxg7 Na3 36. Bf8 Kb5 37. Kd3 Nc4 38. Kd4 Nd6 39. Kc3 Nb7 40. g4 Nxa5 41. bxa5 Kxa5 42. Kc4 a6 43. f4 Ka4 44. h4 Ka5 45. f5 f6 46. g5 1-0